000 00407nam a2200169Ia 4500
003 GCL
008 140319s9999 xx 000 0 eng d
040 _aGCL /
_cGCL
082 0 4 _a843
_bC C
100 1 _aCAMUS, ALBERT
245 1 0 _aCALIQULA /
_cCAMUS, ALBERT
260 _a[S.N] :
_bGALLIMARD
490 _aCOLLECTION FOLIO
_v0
650 0 4 _aLITERATURE
650 0 4 _aFRENCH LITERATURE
942 _2ddc
_cBK
999 _c22568
_d22568